Wilson and Walker''s principles and techniques of biochemistry and molecular biology

Kaydedildi:
Detaylı Bibliyografya
Materyal Türü: Sách
Dil:Undetermined
Baskı/Yayın Bilgisi:  Cambridge University Press  2018
Konular:
Etiketler: Etiketle
Etiket eklenmemiş, İlk siz ekleyin!
Thư viện lưu trữ: Trung tâm Thư viện - Trường Đại học Công nghiệp TP. Hồ Chí Minh
LEADER 00524nam a2200133Ia 4500
001 UIH_02626
008 231011s9999 xx 000 0 und d
082 |a  572.8 
245 0 |a  Wilson and Walker''s principles and techniques of biochemistry and molecular biology 
260 |b  Cambridge University Press 
260 |c  2018 
650 |a  Biochemistry; Molecular biology; Hóa sinh; Sinh học phân tử;  
927 |a Sách 
980 |a Trung tâm Thư viện - Trường Đại học Công nghiệp TP. Hồ Chí Minh